000 00952nam a2200265Ia 4500
003 IN-BaIIA
008 211028s9999 xx 000 0 eng d
020 _a90-277-0242-X
040 _cIIA Library
080 _a082.2:52
_bIAU-S48
110 _aInternational Astronomical Union
111 _aInternational Astronomical Union Symposium
_n48th
_cMarioka, Japan
_d1971 May 9-15
_97185
245 0 _aRotation of the earth
_bproceedings of the IAU symposium no. 48, held in Morioka, Japan, May 9-15, 1971
_cedited by Paul Melchior and Shigoru Yumi
260 _aDordrecht
_bD. Reidel Publishing
_c1972
300 _axxii, 244p
490 _aIAU Symposium; no. 48
650 _aAstronomy and Astrophysics Thesaurus
650 _aEarth
650 _aEarth Rotation
_93950
650 _aNutation
_97186
700 _aMelchior, Paul., ed.
_93948
700 _aYumi, Shigoru., ed.
_97187
710 _aInternational Astronomical Union
_97188
942 _cBK
999 _c4071
_d4071